[Event "Aeroflot Open B 2017"]
[Site "masterchessopen.com Moscow RUS"]
[Date "2017.02.22"]
[Round "2.39"]
[White "Khomeriki,N"]
[Black "Deviatkin,A"]
[Result "0-1"]
[WhiteElo "2317"]
[BlackElo "2485"]

1.d4 d5 2.c4 c6 3.cxd5 cxd5 4.Bf4 Nc6 5.Nc3 Nf6 6.e3 Bg4 7.Qb3 Na5 8.Qa4+ Bd7
9.Qc2 Rc8 10.Bd3 e6 11.Nf3 Be7 12.O-O O-O 13.Rfc1 a6 14.Ne5 b5 15.a3 Bc6
16.Qd1 Nc4 17.Bxc4 dxc4 18.Nxc6 Rxc6 19.e4 Qb6 20.d5 Rd8 21.Qf3 exd5 22.exd5
Rcc8 23.Re1 Re8 24.Be5 Bc5 25.h3 Nd7 26.Bg3 Qg6 27.Ne4 Bf8 28.Rad1 Ne5 29.Bxe5
Rxe5 30.Ng3 Rxe1+ 31.Rxe1 Rd8 32.Nf5 Qf6 33.Re2 g6 34.Nh6+ Kg7 35.Qe3 Rxd5
36.Ng4 Rd1+ 37.Kh2 Qd6+ 38.g3 h5 39.Qc3+ Qd4 40.Qxd4+ Rxd4 41.Ne5 h4 42.Kg2
hxg3 43.fxg3 Bd6 44.Nf3 Rd3 {#R} 0-1

[Event "Aeroflot Open B 2017"]
[Site "masterchessopen.com Moscow RUS"]
[Date "2017.02.22"]
[Round "2.40"]
[White "Kjartansson,G"]
[Black "Yandarbiev,R"]
[Result "1-0"]
[WhiteElo "2464"]
[BlackElo "2311"]

1.c4 Nf6 2.Nc3 g6 3.e4 d6 4.d4 Bg7 5.Nf3 O-O 6.Be2 e5 7.O-O Nc6 8.d5 Ne7 9.Ne1
Nd7 10.Be3 f5 11.f3 f4 12.Bf2 g5 13.Rc1 Ng6 14.Nd3 b6 15.b4 Rf7 16.c5 Bf8
17.cxd6 cxd6 18.Nb5 Nf6 19.a4 a6 20.Na3 Rb8 21.b5 a5 22.Rc6 Bd7 23.Nc4 Bxc6
24.dxc6 g4 25.fxg4 Nxe4 26.Bf3 Nxf2 27.Nxf2 Kh8 28.Qd5 Kg7 29.Ne4 Nh4 30.Nexd6
Bxd6 31.Nxd6 Nxf3+ 32.gxf3 Qf6 33.Re1 e4 34.Nxe4 Qe7 35.Rd1 Re8 36.Kh1 Qa3
37.Nd6 Qe3 38.Nf5+ {#r} 1-0

[Event "Aeroflot Open B 2017"]
[Site "masterchessopen.com Moscow RUS"]
[Date "2017.02.22"]
[Round "2.42"]
[White "Nogueira,I"]
[Black "Kostenko,P"]
[Result "0-1"]
[WhiteElo "2308"]
[BlackElo "2441"]

1.e4 e6 2.d4 d5 3.Nc3 Nf6 4.Bg5 dxe4 5.Nxe4 Be7 6.Nxf6+ Bxf6 7.Bxf6 Qxf6 8.c3
c5 9.Nf3 cxd4 10.Qxd4 Qxd4 11.Nxd4 Bd7 12.Nb5 Bxb5 13.Bxb5+ Ke7 14.O-O-O a6
15.Be2 Nd7 16.Bf3 Rab8 17.Rhe1 Rhc8 18.Be4 b5 19.Kb1 Nf6 20.Bf3 Ne8 21.Rd4 Rd8
22.Red1 Rxd4 23.Rxd4 Nd6 24.g3 f5 25.Rd1 g5 26.Re1 Kf6 27.h3 Rb6 28.b3 Nf7
29.Rd1 Rd6 30.Rxd6 Nxd6 31.Kc2 e5 32.Bd5 e4 33.f4 exf3 34.Bxf3 Ke5 35.Kd3 a5
36.a3 Ne4 37.h4 Nc5+ 38.Ke3 Nxb3 39.Bc6 Nc5 40.hxg5 Ne4 41.Bxb5 Nxc3 42.Bc4
Ne4 43.Bg8 Nxg5 44.Ba2 Ne4 45.Kf3 h6 46.Bg8 Nc3 47.Bc4 Nb1 {#R} 0-1

[Event "Aeroflot Open B 2017"]
[Site "masterchessopen.com Moscow RUS"]
[Date "2017.02.22"]
[Round "2.44"]
[White "Mu Ke"]
[Black "Danielyan,Vahe"]
[Result "0-1"]
[WhiteElo "2431"]
[BlackElo "2282"]

1.d4 d5 2.c4 dxc4 3.e3 Nf6 4.Bxc4 e6 5.Nf3 a6 6.O-O Nbd7 7.a4 Bd6 8.b3 O-O
9.Bb2 b6 10.Nbd2 Bb7 11.Qe2 c5 12.Ne5 cxd4 13.exd4 Nd5 14.Ne4 Be7 15.f4 N7f6
16.Nxf6+ gxf6 17.Nd3 f5 18.Ne5 Kh8 19.Qh5 Qe8 20.Rae1 f6 21.Qxe8 Rfxe8 22.Nf7+
Kg7 23.Rxe6 b5 24.Nd6 bxc4 25.Nxb7 Kf7 26.Rd6 Rab8 27.Rxd5 Rxb7 28.Rxf5 Rxb3
29.Bc1 Bb4 30.Rd5 c3 31.f5 c2 32.Rd7+ Re7 33.Rxe7+ Kxe7 34.Kf2 Kd6 35.Ke2 Kd5
36.g4 Kxd4 37.g5 fxg5 38.f6 Rb1 39.Bxg5 Rxf1 40.Kxf1 Kc3 41.Ke2 Kb2 42.Kd3
c1=Q 43.Bxc1+ Kxc1 44.Kc4 a5 45.f7 h5 46.h4 Kb2 47.Kb5 Kc3 {#R} 0-1

[Event "Aeroflot Open B 2017"]
[Site "masterchessopen.com Moscow RUS"]
[Date "2017.02.22"]
[Round "2.50"]
[White "Khalafova,N"]
[Black "Sindarov,Javokhir"]
[Result "0-1"]
[WhiteElo "2250"]
[BlackElo "2374"]

1.e4 c6 2.Nc3 d5 3.Nf3 Bg4 4.h3 Bxf3 5.Qxf3 e6 6.d3 Nd7 7.Bd2 Qb6 8.O-O-O Bd6
9.g4 Ne7 10.h4 d4 11.Ne2 c5 12.Kb1 Qa6 13.Qh3 O-O-O 14.f4 Kb8 15.Ng3 Bc7
16.Bg2 Ba5 17.Ne2 Bxd2 18.Rxd2 Nb6 19.Nc1 c4 20.dxc4 Nxc4 21.Rf2 Ne3 22.Bf1
Qb6 23.Bd3 Rc8 24.Re1 Rc7 25.Nb3 Rd8 26.g5 a5 27.Nxd4 Nc4 28.c3 Nc6 29.Bxc4
Nxd4 30.Qf1 Rdc8 31.cxd4 Rxc4 32.d5 exd5 33.exd5 Qd4 34.a3 Qxd5 35.Qh3 Qd4
36.Qg3 Ka8 37.h5 f5 38.Qf3 a4 39.Qe2 Qd5 40.Qe6 Rc1+ {#R} 0-1

[Event "Aeroflot Open B 2017"]
[Site "masterchessopen.com Moscow RUS"]
[Date "2017.02.22"]
[Round "2.51"]
[White "Alikulov,Elbek"]
[Black "Makoveev,Ilya"]
[Result "1-0"]
[WhiteElo "2371"]
[BlackElo "2202"]

1.e4 e5 2.Nf3 Nc6 3.Bb5 a6 4.Ba4 Nf6 5.O-O Be7 6.Re1 b5 7.Bb3 d6 8.c3 O-O 9.h3
Bb7 10.d4 Nd7 11.Nbd2 exd4 12.cxd4 Bf6 13.Nf1 Re8 14.Ng3 g6 15.Bc2 Na5 16.Rb1
c5 17.d5 Nc4 18.b3 Nce5 19.Nh2 Bh4 20.Ne2 c4 21.b4 Qe7 22.Nc3 Bf6 23.Bb2 Nb6
24.f4 Ned7 25.Nf3 Bg7 26.Qd2 Rac8 27.Rf1 f5 28.Rbe1 fxe4 29.Bxe4 Qd8 30.f5 Nf8
31.Ng5 Nbd7 32.Ne6 Nxe6 33.dxe6 Nf6 34.Bxb7 Qb6+ 35.Kh1 Qxb7 36.fxg6 hxg6
37.Qg5 Qe7 38.Qxg6 Rf8 39.Rf5 Qe8 40.Qg5 Nh7 41.Rxf8+ Qxf8 42.Qg3 Re8 43.Nd5
Kh8 44.Nf4 {#r} 1-0

[Event "Aeroflot Open B 2017"]
[Site "masterchessopen.com Moscow RUS"]
[Date "2017.02.22"]
[Round "2.53"]
[White "Paramzina,A"]
[Black "Savenkov,K"]
[Result "1-0"]
[WhiteElo "2220"]
[BlackElo "2365"]

1.e4 e6 2.d4 d5 3.Nd2 Nf6 4.e5 Nfd7 5.f4 c5 6.c3 Nc6 7.Ngf3 Rb8 8.Nb3 b5
9.dxc5 Nxc5 10.Nbd4 Nxd4 11.Nxd4 Bd7 12.Be2 b4 13.O-O bxc3 14.bxc3 Ne4 15.Qd3
Bc5 16.Be3 O-O 17.c4 Rb4 18.cxd5 exd5 19.Rab1 Ra4 20.Bd1 Rc4 21.Bf3 Rc3 22.Qe2
Ra3 23.Rb3 Ra4 24.Rd1 Qa5 25.Bxe4 dxe4 26.Rb2 Bg4 27.Qxg4 Rxd4 28.Rf1 Rd2
29.Rb3 Bxe3+ 30.Rxe3 Qc5 31.Re1 Rfd8 32.h3 h5 33.Qf5 Rxa2 34.Kh2 Rd4 35.Qxh5
Rdd2 36.Rg3 Rd3 37.Rg4 e3 38.Qf5 Qd5 39.Rc1 {#r} 1-0

[Event "Aeroflot Open B 2017"]
[Site "masterchessopen.com Moscow RUS"]
[Date "2017.02.22"]
[Round "2.54"]
[White "Assaubayeva,Bibisara"]
[Black "Sabirov,Temirjan"]
[Result "1-0"]
[WhiteElo "2177"]
[BlackElo "2340"]

1.d4 Nf6 2.c4 c5 3.d5 d6 4.Nc3 g6 5.e4 Bg7 6.h3 O-O 7.Nf3 Nbd7 8.Bd3 e6 9.O-O
exd5 10.exd5 Nh5 11.g4 Nhf6 12.Bf4 Ne8 13.Re1 Ndf6 14.Kg2 Qd7 15.Nh2 a6 16.a4
Nc7 17.Qf3 Rb8 18.Qg3 Rd8 19.a5 b5 20.axb6 Rxb6 21.Bc2 Nce8 22.Ba4 Qc7 23.Qh4
Bd7 24.Bg5 Bxa4 25.Nxa4 Rbb8 26.Nc3 Rd7 27.Rxa6 Rxb2 28.Nb5 Qd8 29.Rxe8+ Qxe8
30.Bxf6 Rb1 31.Nxd6 Qb8 32.Bxg7 Kxg7 33.Ne4 Rd8 34.g5 h5 35.gxh6+ Kh7 36.Qf6
Rg8 37.Qxf7+ Kh8 38.Nf6 {#r} 1-0

[Event "Aeroflot Open B 2017"]
[Site "masterchessopen.com Moscow RUS"]
[Date "2017.02.22"]
[Round "2.56"]
[White "Navalgund,N"]
[Black "Yeritsyan,Aram"]
[Result "0-1"]
[WhiteElo "2327"]
[BlackElo "2182"]

1.d4 Nf6 2.c4 e6 3.g3 d5 4.Nf3 dxc4 5.Bg2 Bd7 6.Nbd2 Bb5 7.O-O Nc6 8.Nb1 Bb4
9.Nc3 Ba6 10.Qa4 O-O 11.Ne5 Nxe5 12.dxe5 Bxc3 13.bxc3 Nd5 14.Qc2 Qe7 15.e4 Nb6
16.f4 Rfd8 17.f5 exf5 18.Bf4 fxe4 19.Bxe4 h6 20.Rae1 Nd7 21.Re2 Nc5 22.Bf5 Bb5
23.Qb1 Bd7 24.g4 Be6 25.Bg3 b6 26.h4 g6 27.Ref2 gxf5 28.gxf5 Rd3 29.Rg2 Bd5
30.f6 Qe6 31.Rff2 Bxg2 32.Rxg2 Kh7 33.Qf1 Rg8 34.Bf4 Qh3 35.Bg5 Rg3 36.Rxg3
Qxg3+ 37.Kh1 hxg5 38.Qf5+ Rg6 39.h5 Qh4+ 40.Kg1 Qxh5 {#R} 0-1

[Event "Aeroflot Open B 2017"]
[Site "masterchessopen.com Moscow RUS"]
[Date "2017.02.22"]
[Round "2.57"]
[White "Spichkin,A"]
[Black "Gevorgyan,D"]
[Result "1-0"]
[WhiteElo "2143"]
[BlackElo "2324"]

1.d4 g6 2.Bf4 Bg7 3.e3 d6 4.Nf3 Nf6 5.Be2 O-O 6.O-O Nfd7 7.h3 e5 8.Bh2 Nc6
9.c4 f5 10.Nc3 g5 11.d5 Ncb8 12.b4 h5 13.Rc1 g4 14.hxg4 hxg4 15.Nd2 Nf6 16.c5
Rf7 17.cxd6 cxd6 18.Nb5 Bf8 19.Nc4 Ne4 20.f3 gxf3 21.Bxf3 a6 22.Bxe4 axb5
23.Nxd6 Bxd6 24.Rxc8 Qxc8 25.Bxf5 Rxf5 26.Qg4+ Kh8 27.Qh3+ Kg8 28.Rxf5 Qc1+
29.Rf1 Qc7 30.Qe6+ Kg7 31.Bg3 Na6 32.Qg4+ Kh7 33.Qh5+ Kg7 34.Qg5+ Kh7 35.Rf6
Qg7 36.Qh5+ Kg8 37.Rxd6 Qf7 38.Qg5+ {#r} 1-0

[Event "Aeroflot Open B 2017"]
[Site "masterchessopen.com Moscow RUS"]
[Date "2017.02.22"]
[Round "2.58"]
[White "Kathmale,S"]
[Black "Martynyuk,Elizaveta"]
[Result "0-1"]
[WhiteElo "2323"]
[BlackElo "2169"]

1.e4 c5 2.Nf3 Nc6 3.Bb5 d6 4.O-O Bd7 5.Re1 Nf6 6.c3 a6 7.Bc4 Bg4 8.d4 cxd4
9.cxd4 Bxf3 10.gxf3 d5 11.Bb3 e6 12.Nc3 Be7 13.Be3 O-O 14.Kh1 Kh8 15.Rg1 b5
16.Rc1 Rc8 17.Bc2 g6 18.e5 Nh5 19.Bh6 Rg8 20.f4 Bf8 21.Bxf8 Qxf8 22.f5 Qh6
23.f6 Nf4 24.Qd2 Qh4 25.Rg3 Nh5 26.Rd3 Nb4 27.Rf3 Rc4 28.Bd1 Rxd4 29.Qe3 Rd3
30.Qa7 Rxf3 31.Bxf3 Nd3 32.Rf1 Nxe5 33.Bg2 Nxf6 34.f4 Neg4 35.Qg1 Rc8 36.h3
Nh5 37.Qd4+ Kg8 38.Kg1 Nh6 39.Ne2 Nf5 40.Qa7 Nhg3 41.Nxg3 Qxg3 42.Qf2 Rc4
43.b3 Rc3 44.Qxg3 Rxg3 {#R} 0-1

[Event "Aeroflot Open B 2017"]
[Site "masterchessopen.com Moscow RUS"]
[Date "2017.02.22"]
[Round "2.59"]
[White "Koepke,C"]
[Black "Murzin,Volodar"]
[Result "1-0"]
[WhiteElo "2317"]
[BlackElo "2079"]

1.e4 c5 2.Nf3 d6 3.d4 cxd4 4.Nxd4 Nf6 5.Nc3 a6 6.Be3 e5 7.Nb3 Be7 8.f3 Be6
9.Qd2 Nbd7 10.O-O-O O-O 11.g4 b5 12.g5 b4 13.Ne2 Ne8 14.f4 a5 15.f5 Bxb3
16.cxb3 a4 17.bxa4 Rxa4 18.Kb1 Rxa2 19.Nc1 Ra4 20.Nb3 Nc7 21.Bc4 Kh8 22.Rhg1
Qa8 23.Qg2 Qc6 24.Rc1 Nc5 25.f6 Bd8 26.Nxc5 dxc5 27.fxg7+ Kxg7 28.Rcf1 Be7
29.Rf6 Qa8 30.g6 Ra1+ 31.Kc2 Rxg1 32.Bh6+ Kxf6 33.Qxg1 Qxe4+ 34.Bd3 b3+ 35.Kd2
Rd8 36.Qf1+ Kxg6 37.Qg2+ Kxh6 38.Qxe4 Rh8 39.Qxe5 Bg5+ 40.Kc3 Rc8 41.Qf5 Rh8
42.h4 Bd8 43.Qxf7 Ne8 44.Qf4+ Kg7 45.h5 Rg8 46.Kxb3 Bf6 47.h6+ {#r} 1-0

[Event "Graz Open A 2017"]
[Site "masterchessopen.com Graz AUT"]
[Date "2017.02.22"]
[Round "3.5"]
[White "Schnider,G"]
[Black "Can,E"]
[Result "0-1"]
[WhiteElo "2419"]
[BlackElo "2567"]

1.e4 c5 2.Nf3 d6 3.Bb5+ Nd7 4.O-O a6 5.Bd3 Ngf6 6.Re1 b5 7.c4 Rb8 8.Nc3 Ne5
9.Nxe5 dxe5 10.Qe2 b4 11.Nd5 Nd7 12.Bc2 e6 13.Ne3 Nb6 14.b3 Bd6 15.Bb2 O-O
16.Qh5 f6 17.f4 g6 18.Qh6 exf4 19.e5 Bxe5 20.Bxe5 fxe5 21.Bxg6 Rb7 22.Be4 Rf6
23.Qh5 fxe3 24.Bxb7 exd2 25.Rf1 Rxf1+ 26.Rxf1 Bxb7 27.Qxe5 Qd4+ 28.Qxd4 cxd4
29.Kf2 Nd7 30.Ke2 Kg7 31.Kxd2 e5 32.g3 Bg2 33.Ra1 Nc5 34.Kc2 Be4+ 35.Kb2 Bf3
36.a3 Nd3+ 37.Kc2 e4 38.c5 bxa3 39.Rxa3 Nxc5 40.b4 Nd3 41.Ra4 Bd1+ {#R} 0-1

[Event "Graz Open A 2017"]
[Site "masterchessopen.com Graz AUT"]
[Date "2017.02.22"]
[Round "3.7"]
[White "Cawdery,D"]
[Black "Schreiner,Pe"]
[Result "1-0"]
[WhiteElo "2413"]
[BlackElo "2494"]

1.e4 c5 2.Nf3 Nc6 3.d4 cxd4 4.Nxd4 Qb6 5.Nb3 Nf6 6.Bd3 d5 7.exd5 Nxd5 8.O-O e6
9.c4 Nf6 10.Nc3 Qc7 11.Re1 Be7 12.a3 O-O 13.Bg5 Rd8 14.Qe2 Bd7 15.Rad1 Be8
16.Nb5 Qb8 17.Bh4 Qf4 18.Bg3 Qg5 19.Bc2 Nh5 20.Bc7 Rxd1 21.Rxd1 Rc8 22.Bd6 Nf4
23.Qf1 Ne5 24.Bxe7 Qxe7 25.Nd6 Rd8 26.Nxe8 Qxe8 27.g3 Nh5 28.Qe2 Rxd1+ 29.Bxd1
Qd8 30.Qxh5 Nxc4 31.Be2 Nxb2 32.Qb5 Qc8 33.Nc5 g6 34.Qxb7 {#r} 1-0

[Event "Graz Open A 2017"]
[Site "masterchessopen.com Graz AUT"]
[Date "2017.02.22"]
[Round "3.9"]
[White "Gazik,Viktor"]
[Black "Gundavaa,B"]
[Result "1-0"]
[WhiteElo "2403"]
[BlackElo "2479"]

1.e4 c5 2.Nf3 d6 3.d4 Nf6 4.Nc3 cxd4 5.Nxd4 a6 6.h3 e6 7.g4 h6 8.Bg2 Be7 9.O-O
Nc6 10.Nxc6 bxc6 11.e5 Nd5 12.exd6 Qxd6 13.Ne4 Qc7 14.c4 Nf4 15.Bxf4 Qxf4
16.Nf6+ Kf8 17.Bxc6 Rb8 18.Nh5 Qxc4 19.Rc1 Qb4 20.b3 a5 21.Rc4 Qb6 22.Qf3 Kg8
23.Rd1 f6 24.Qe4 Kf7 25.Nf4 Rd8 26.Qg6+ Kg8 27.Nh5 {#r} 1-0

[Event "Graz Open A 2017"]
[Site "masterchessopen.com Graz AUT"]
[Date "2017.02.22"]
[Round "3.12"]
[White "Loeffler,S"]
[Black "Socko,M"]
[Result "0-1"]
[WhiteElo "2379"]
[BlackElo "2455"]

1.Nf3 Nf6 2.c4 e6 3.Nc3 Bb4 4.g4 O-O 5.g5 Ne8 6.Qb3 c5 7.Bg2 Nc6 8.O-O Na5
9.Qc2 Nxc4 10.a3 Bxc3 11.Qxc3 d5 12.d3 Ncd6 13.Qxc5 b6 14.Qb4 Bb7 15.Bf4 Nf5
16.Rac1 d4 17.e4 dxe3 18.fxe3 Ne7 19.Bg3 Nf5 20.Bf2 Bxf3 21.Bxf3 Qxg5+ 22.Kh1
Rd8 23.Rg1 Qh6 24.Qd2 Nd4 25.Bd1 e5 26.Rc4 Nd6 27.Rb4 Ne4 28.Qe1 Nxf2+ 29.Qxf2
Qc6+ 30.Rg2 Ne6 31.Rh4 f5 32.Bb3 Rf6 33.Rc4 Qd6 34.d4 Kh8 35.dxe5 Qxe5 36.Rc6
Nc5 37.Rxf6 Qxf6 38.Bc2 g6 39.b4 Nd3 40.Qe2 Ne5 41.Rg1 Qc6+ 42.Rg2 Qc3 {#R}
0-1

[Event "Graz Open A 2017"]
[Site "masterchessopen.com Graz AUT"]
[Date "2017.02.22"]
[Round "3.13"]
[White "Tomazini,A"]
[Black "Hauge,Lars Oskar"]
[Result "0-1"]
[WhiteElo "2377"]
[BlackElo "2450"]

1.d4 Nf6 2.c4 g6 3.Nc3 Bg7 4.e4 O-O 5.Nf3 d6 6.h3 e5 7.d5 a5 8.Bg5 Na6 9.Nd2
Nc5 10.Be2 c6 11.Nb3 Nxb3 12.Qxb3 a4 13.Qc2 Qa5 14.O-O h6 15.Be3 cxd5 16.cxd5
Bd7 17.a3 Rfc8 18.Qd3 Be8 19.Rac1 Bf8 20.Rc2 Rc7 21.Rfc1 Rac8 22.Bg4 Nxg4
23.hxg4 Bd7 24.f3 Rc4 25.Qd2 g5 26.Qf2 b5 27.Kh2 Qc7 28.Bb6 Qb8 29.Ba5 Be7
30.Na2 Kg7 31.Nb4 Rh8 32.Rxc4 bxc4 33.Rxc4 h5 34.Rc7 hxg4+ 35.Kg3 Rh1 36.fxg4
Qh8 37.Kf3 Bb5 38.Nc6 Qh2 39.Bd2 Bf6 40.Rb7 Bc4 41.b3 axb3 42.Na5 Ba6 43.Rxf7+
Kxf7 44.Qa7+ Kg6 45.Qxa6 b2 46.Qb5 Kh6 47.Qxb2 Rf1+ 48.Ke2 Qxg2+ 49.Kd3 Qf3+
{#R} 0-1

[Event "Graz Open A 2017"]
[Site "masterchessopen.com Graz AUT"]
[Date "2017.02.22"]
[Round "3.16"]
[White "Tomczak,Mikolaj"]
[Black "Christiansen,Johan-Sebastian"]
[Result "1-0"]
[WhiteElo "2335"]
[BlackElo "2432"]

1.e4 c5 2.Nf3 d6 3.Bb5+ Nd7 4.d4 cxd4 5.Qxd4 a6 6.Bxd7+ Bxd7 7.Nc3 Rc8 8.Bg5
h6 9.Bh4 e5 10.Qd3 g5 11.Bg3 Nf6 12.O-O-O Qa5 13.Kb1 Rxc3 14.bxc3 Be6 15.c4 b5
16.Nd2 bxc4 17.Nxc4 Qb4+ 18.Nb2 Be7 19.f3 O-O 20.Be1 Qb7 21.c4 Nd7 22.Ka1 a5
23.g4 a4 24.Rb1 Qa7 25.Bb4 Ra8 26.Qa3 Nb8 27.Bxd6 Nc6 28.Bxe7 Nxe7 29.c5 Nc6
30.Nd3 Nd4 31.Rhc1 Nxf3 32.h3 Qe7 33.Rb6 Nd4 34.Qb4 Qa7 35.Kb1 Rd8 36.Nxe5 Qc7
37.Nc4 Qf4 38.Nd6 Rxd6 39.Rb8+ Kh7 40.cxd6 Qxe4+ 41.Ka1 Qe5 42.Qc3 Qxd6 43.Rb2
Qf4 44.Rb4 Qf2 45.Qb2 Ne2 46.Re4 a3 47.Qxe2 Qf6+ 48.Re5 {#r} 1-0

[Event "Graz Open A 2017"]
[Site "masterchessopen.com Graz AUT"]
[Date "2017.02.22"]
[Round "3.17"]
[White "Postny,E"]
[Black "Tuncer,Tuna"]
[Result "1-0"]
[WhiteElo "2601"]
[BlackElo "2298"]

1.c4 g6 2.Nc3 Bg7 3.d4 d6 4.Nf3 e5 5.dxe5 dxe5 6.Qxd8+ Kxd8 7.Bd2 f6 8.O-O-O
Bd7 9.g4 Kc8 10.Rg1 Be6 11.e3 Nd7 12.Ne4 Ne7 13.Bc3 Nc6 14.Nfd2 Bf8 15.f4 Be7
16.Be2 Rf8 17.Rdf1 a5 18.f5 Bf7 19.g5 gxf5 20.gxf6 Nxf6 21.Nxf6 Bxf6 22.Bd3
Ne7 23.Nf3 Rd8 24.Bxe5 Rxd3 25.Bxf6 Rxe3 26.Rg7 Bxc4 27.Rd1 Rxf3 28.Rxe7 b6
29.Be5 Bd3 30.Rxc7+ Kd8 31.Rc3 Rc8 32.Kd2 Rc5 33.Bf6+ Ke8 34.Rxd3 Rf2+ 35.Ke3
Rcc2 36.R3d2 Rxh2 37.Rxh2 Rxh2 38.Rd6 b5 39.Be5 Rh4 40.Bf4 Rh3+ 41.Kd4 Rf3
42.Ke5 Rf2 43.Rd2 Rf1 44.Rd5 b4 45.Rxa5 Rf2 {#r} 1-0

[Event "Graz Open A 2017"]
[Site "masterchessopen.com Graz AUT"]
[Date "2017.02.22"]
[Round "3.23"]
[White "Kanmazalp,O"]
[Black "Paszewski,M"]
[Result "1-0"]
[WhiteElo "2431"]
[BlackElo "2280"]

1.e4 c5 2.Nf3 d6 3.d4 cxd4 4.Qxd4 Nf6 5.Nc3 Bd7 6.Bg5 Nc6 7.Qe3 Ng4 8.Qd2 h6
9.Bf4 g5 10.Bg3 Bg7 11.h3 Nge5 12.Nxe5 Nxe5 13.Nd5 Rc8 14.O-O-O Bc6 15.f3 Bxd5
16.Qxd5 O-O 17.Kb1 Qc7 18.c3 b5 19.a3 Nc4 20.Bxc4 bxc4 21.Bf2 Rb8 22.Kc1 Rb3
23.Rd2 Rfb8 24.Rc2 e6 25.Qd2 Qb7 26.Re1 Bxc3 27.Rxc3 Rxb2 28.Qe3 Ra2 29.Kd1
Qb5 30.Re2 Qa4+ 31.Rec2 Ra1+ 32.Ke2 Qb5 33.Be1 d5 34.Kf2 Qd7 35.Qd4 Qc7
36.exd5 exd5 37.Re3 {#r} 1-0

[Event "Graz Open A 2017"]
[Site "masterchessopen.com Graz AUT"]
[Date "2017.02.22"]
[Round "3.24"]
[White "Banzea,Alexandru-Bogdan"]
[Black "Sipila,V"]
[Result "1-0"]
[WhiteElo "2245"]
[BlackElo "2418"]

1.e4 Nf6 2.e5 Nd5 3.d4 d6 4.Nf3 Bg4 5.Be2 e6 6.O-O Be7 7.h3 Bh5 8.c4 Nb6
9.exd6 cxd6 10.Nc3 O-O 11.Re1 N8d7 12.b3 a5 13.Bf4 Nb8 14.Qd2 Na6 15.Rac1 Nd7
16.Nb5 Nf6 17.d5 e5 18.Be3 Ne4 19.Qd1 f5 20.Nd2 Bxe2 21.Qxe2 Nxd2 22.Bxd2 Bh4
23.Red1 b6 24.f4 Bf6 25.fxe5 dxe5 26.Be3 e4 27.Qf2 Bh4 28.Qf4 Rb8 29.Nd4 g5
30.Qe5 f4 31.Qe6+ Rf7 32.Nc6 Qf8 33.Nxb8 fxe3 34.Nd7 Qa3 35.Ne5 Kf8 36.Qxf7#
1-0

[Event "Graz Open A 2017"]
[Site "masterchessopen.com Graz AUT"]
[Date "2017.02.22"]
[Round "3.25"]
[White "Sahin,Oz"]
[Black "Tomazini,Z"]
[Result "0-1"]
[WhiteElo "2197"]
[BlackElo "2402"]

1.e4 g6 2.d4 Bg7 3.Nc3 d6 4.Be3 a6 5.Qd2 Nd7 6.h4 h5 7.Nf3 b5 8.Ng5 Bb7 9.f4
Nh6 10.e5 e6 11.Nce4 Nf5 12.a4 bxa4 13.Rxa4 Nb6 14.Ra3 Bxe4 15.Nxe4 d5 16.Ng5
Ng3 17.Rg1 Nxf1 18.Rxf1 Nc4 19.Qd3 Nxa3 20.Nxe6 fxe6 21.Qxg6+ Kd7 22.f5 Qxh4+
23.g3 Qe7 24.Bg5 Qe8 25.Qxg7+ Kc6 26.bxa3 Rg8 27.Qh6 Rb8 28.Rf3 Rb6 29.Rc3+
Kb7 30.Qh7 Rc6 31.Rb3+ Rb6 32.Rc3 Rc6 33.Rb3+ Ka7 34.Bd2 exf5 35.Qxf5 Rf8
36.Qh7 Rf7 37.Qd3 Qg8 38.Bf4 h4 39.Qf3 hxg3 40.Qxg3 Qh7 41.Bd2 Qh1+ 42.Ke2
Qf1+ 43.Ke3 Rg6 {#R} 0-1

[Event "Graz Open A 2017"]
[Site "masterchessopen.com Graz AUT"]
[Date "2017.02.22"]
[Round "3.30"]
[White "Kokol,P"]
[Black "Hill,Alistair"]
[Result "1-0"]
[WhiteElo "2351"]
[BlackElo "2200"]

1.e4 e6 2.d4 d5 3.Nc3 Nf6 4.Bg5 dxe4 5.Nxe4 Be7 6.Bxf6 gxf6 7.Nf3 f5 8.Nc3 a6
9.Qd3 b5 10.O-O-O Bb7 11.Kb1 c5 12.Be2 Nc6 13.d5 Nb4 14.Qe3 Nxd5 15.Nxd5 Bxd5
16.c4 Be4+ 17.Ka1 Qb6 18.Ne5 Bd6 19.Nxf7 Kxf7 20.Bh5+ Ke7 21.Qg5+ Kd7 22.Qg7+
Kc6 23.Rxd6+ Kxd6 24.Rd1+ Bd5 25.cxd5 e5 26.Qf6+ Kc7 27.d6+ Kb7 28.Qg7+ Kc6
29.Qxe5 Raf8 30.Bf3+ Kd7 31.Qe7+ Kc8 32.d7+ Kb8 33.Rd6 Qd8 34.Qe5 {#r} 1-0

[Event "Graz Open A 2017"]
[Site "masterchessopen.com Graz AUT"]
[Date "2017.02.22"]
[Round "3.31"]
[White "Socko,B"]
[Black "Bauer,Thomas"]
[Result "1-0"]
[WhiteElo "2598"]
[BlackElo "2172"]

1.e4 c5 2.Nf3 d6 3.d4 cxd4 4.Nxd4 Nf6 5.f3 e5 6.Nb3 Be7 7.c4 Be6 8.Be3 a5 9.a4
Nc6 10.Be2 O-O 11.Nc3 Nb4 12.Rc1 Nd7 13.O-O Bg5 14.Bxg5 Qxg5 15.Qxd6 Qe3+
16.Kh1 Na2 17.Nxa2 Qxe2 18.Qd2 Bxc4 19.Qxe2 Bxe2 20.Rf2 Ba6 21.Nxa5 b6 22.Nb3
Bc8 23.Nc3 Nf6 24.Rd2 Be6 25.Na1 Rfc8 26.Rcd1 Kf8 27.Rd6 Ra6 28.Kg1 Ke7 29.Kf2
Rc5 30.Ke3 Rc8 31.R1d2 Ne8 32.R6d3 g6 33.Nc2 Ra7 34.Nb4 Nf6 35.Rd6 Rb7 36.Nc6+
Kf8 37.Nd8 Re7 38.Rxb6 Bc4 39.Rxf6 {#r} 1-0

[Event "Graz Open A 2017"]
[Site "masterchessopen.com Graz AUT"]
[Date "2017.02.22"]
[Round "3.32"]
[White "Esen,B"]
[Black "Frank,Pa"]
[Result "1-0"]
[WhiteElo "2528"]
[BlackElo "2165"]

1.Nf3 Nf6 2.c4 g6 3.Nc3 d5 4.cxd5 Nxd5 5.Qb3 Nb6 6.d4 Bg7 7.Bf4 O-O 8.Rd1 a5
9.e4 a4 10.Qa3 Bg4 11.d5 N8d7 12.Be2 Bxf3 13.gxf3 Ne5 14.Nb5 Qd7 15.Qc5 Ra5
16.h3 Nxf3+ 17.Kf1 Nd4 18.Rxd4 Bxd4 19.Qxd4 Rxb5 20.Bh6 e5 21.Qxe5 f6 22.Qc3
Rf7 23.Kg2 Nc8 24.Bxb5 Qxb5 25.Re1 Nd6 26.Bf4 Qd7 27.f3 h5 28.Bd2 Kh7 29.Qe3
Kg8 30.Qd3 Qb5 31.Qxb5 Nxb5 32.Rc1 Rd7 33.Bf4 b6 34.Rc4 a3 35.Rb4 Nd6 36.bxa3
Kf7 37.Bxd6 Rxd6 38.Rc4 Rd7 39.Kg3 Kg7 40.Kf4 Re7 41.h4 Kf7 42.Rc6 Kg7 43.a4
Kf7 44.a5 bxa5 45.Ra6 Re5 46.Ra7 g5+ 47.hxg5 Rxg5 48.Rxc7+ Kg8 49.d6 {#r} 1-0

[Event "Graz Open A 2017"]
[Site "masterchessopen.com Graz AUT"]
[Date "2017.02.22"]
[Round "3.33"]
[White "Jarmula,L"]
[Black "Wu,Yang"]
[Result "1-0"]
[WhiteElo "2475"]
[BlackElo "2159"]

1.e4 g6 2.d4 Bg7 3.Nc3 a6 4.f4 d6 5.Nf3 Nd7 6.e5 b5 7.Bd3 c5 8.Ng5 Nh6 9.Qf3
cxd4 10.Nxb5 Rb8 11.Nxd4 Bb7 12.Be4 Qb6 13.Nc6 Bxc6 14.Bxc6 Rc8 15.Bxd7+ Kxd7
16.Be3 Qa5+ 17.Bd2 Qb6 18.Bc3 Rxc3 19.Qxc3 Rc8 20.Qh3+ Nf5 21.O-O-O Qf2 22.Rd2
Qxf4 23.Nf3 Bh6 24.e6+ fxe6 25.Kb1 Qb4 26.Rd3 Bg7 27.Rb3 Qe4 28.Ne1 Nd4 29.Qd3
Qd5 30.Rb6 Qc5 31.Qxa6 Kd8 32.c3 Qd5 33.cxd4 Ra8 34.Qb5 Qxa2+ 35.Kc2 Rc8+
36.Rc6 Ra8 37.Nf3 {#r} 1-0

[Event "Graz Open A 2017"]
[Site "masterchessopen.com Graz AUT"]
[Date "2017.02.22"]
[Round "3.34"]
[White "Tomerlin,S"]
[Black "Rathnakaran,K"]
[Result "0-1"]
[WhiteElo "2190"]
[BlackElo "2407"]

1.Nf3 Nf6 2.g3 g6 3.Bg2 Bg7 4.d3 O-O 5.O-O d5 6.Nbd2 Nc6 7.c3 e5 8.e4 d4 9.Nb3
h6 10.cxd4 exd4 11.Bf4 a5 12.Ne5 Ne7 13.Nf3 g5 14.Bd2 Nc6 15.h4 g4 16.Nh2 a4
17.Nc1 Ne5 18.Bf4 Re8 19.Qd2 Ra6 20.Ne2 Nh5 21.Rac1 Rg6 22.Rfd1 b6 23.Qb4 Bd7
24.b3 c5 25.Qd2 Bb5 26.Bxe5 Bxe5 27.b4 Qd6 28.bxc5 bxc5 29.Rb1 Qa6 30.Bf1 Bd7
31.Rdc1 Rc8 32.Rc2 Qa7 33.Rcb2 Bc6 34.Nxg4 Rxg4 35.Bh3 Nf6 36.f3 c4 37.fxg4
cxd3 38.Qxh6 dxe2 39.Qg5+ Kf8 40.Qxe5 d3+ 41.Kh1 Qf2 42.Qd6+ Kg8 43.Bg2 Nxe4
{#R} 0-1

[Event "Graz Open A 2017"]
[Site "masterchessopen.com Graz AUT"]
[Date "2017.02.22"]
[Round "3.35"]
[White "Freitag,Ma"]
[Black "Koller,Hans-Juergen"]
[Result "1-0"]
[WhiteElo "2393"]
[BlackElo "2152"]

1.d4 Nf6 2.c4 c5 3.d5 e6 4.Nc3 exd5 5.cxd5 d6 6.Nf3 g6 7.Bf4 a6 8.a4 Bg7 9.h3
O-O 10.e3 Ne8 11.Be2 Nd7 12.Nd2 Rb8 13.O-O Qe7 14.Re1 Nc7 15.Nc4 Ne5 16.Nb6
Na8 17.Nxa8 Rxa8 18.Bh2 f5 19.f4 Nf7 20.Bd3 Bd7 21.a5 Rae8 22.Qb3 Bc8 23.Re2
Qd8 24.e4 fxe4 25.Nxe4 h5 26.Nc3 Rxe2 27.Nxe2 Re8 28.Qc2 Qe7 29.Bg3 Nh6 30.Re1
Nf5 31.Bf2 Qf6 32.b3 Bd7 33.Qd2 Qb2 34.Qxb2 Bxb2 35.Rb1 Ba3 36.Nc3 Bb4 37.Ne4
Bb5 38.Nf6+ Kf7 39.Bxb5 Re7 40.Bd3 Kxf6 41.g4 hxg4 42.hxg4 Re3 43.Bxf5 {#r}
1-0